000
00483nam a2200181Ia 4500
008
100917s9999 xx 000 0 und d
082
_b
33158
100
_a
बोरवणकर रा. ग.
245
_a
मेघदूत
260
_b
चित्रशाळा प्रकाशन
_c
1935
300
_a
153
365
_b
1
520
_a
कविता
630
_a
मेघदूत
650
_a
कविता
730
_a
मेघदूत
942
_c
BOOK
999
_c
638552
_d
638549